000 00555nam a2200205Ia 4500
001 14959
003 GE_BSU
008 181216s||||||||xx |||||||||||||| ||und||
040 _cGE_BSU
080 _a514
100 _aБишоп,Р.Л. Криттенден Р.Дж.
245 _aГеометрия многообразии
245 _cПер. с англ. А.С. Дынина
260 _aМосква
260 _bМир
260 _c1967
300 _a335стр.20см.
653 _aГеометрия многообразии
942 _cBK
999 _c48079
_d48079